Bahnhöfe in Kiel - Statistiken

Allgemein
  • Dieses Quiz wurde 94 mal gespielt
  • Das Durchschnittsergebnis liegt bei 5 aus 8
Antwortstatistiken
Antwort % Korrekt
Hauptbahnhof
96%
Hassee CITTI-Park
72%
Elmschenhagen
64%
Suchsdorf
58%
Russee
55%
Ellerbek
54%
Oppendorf
51%
Schulen am Langsee
42%
Keine übereinstimmenden Quizze gefunden
Verteilung der Resultate
Anzahl Personen mit jedem Resultat
Perzentil nach korrekt beantworteten Fragen
Ihre Resultats-Entwicklung
Sie haben dieses Quiz noch nicht gespielt